London survey'd (Record no. 107494)
[ view plain ]
| 000 -LEADER | |
|---|---|
| fixed length control field | 01206cam a22002415a 4500 |
| 001 - CONTROL NUMBER | |
| control field | L140384 |
| 008 - FIXED-LENGTH DATA ELEMENTS--GENERAL INFORMATION | |
| fixed length control field | 070920r18951677xxk f 001 0 eng d |
| 035 ## - SYSTEM CONTROL NUMBER | |
| System control number | (Sirsi) u140384 |
| 041 0# - LANGUAGE CODE | |
| Language code of text/sound track or separate title | eng |
| 110 2# - MAIN ENTRY--CORPORATE NAME | |
| Corporate name or jurisdiction name as entry element | London and Middlesex Archaeological Society |
| 9 (RLIN) | 5355 |
| 245 00 - TITLE STATEMENT | |
| Title | London survey'd |
| Remainder of title | or, an explanation of the large map of London by John Ogilby and William Morgan, His Majesty's Cosmographers, 1677 |
| Medium | [cartographic material] |
| 250 ## - EDITION STATEMENT | |
| Edition statement | Facsim. |
| 260 ## - PUBLICATION, DISTRIBUTION, ETC. | |
| Place of publication, distribution, etc. | London |
| Name of publisher, distributor, etc. | London and Middlesex Archaeological Society |
| Date of publication, distribution, etc. | 1895 |
| 300 ## - PHYSICAL DESCRIPTION | |
| Extent | 59 p., 33 cm. |
| 500 ## - GENERAL NOTE | |
| General note | From title page: 'Reproduced in facsimile and edited, from the unique copy in the British Museum, with an introduction containing a life of John Ogilby and a description of his Map of London by Charles Welch, F. S. A., Honorary Secretary to the London and Middlesex Archaeological Society. |
| 500 ## - GENERAL NOTE | |
| General note | Produced to accompany a facsimile reproduction of Ogilby and Morgan's Map of London, 1677 (see L140388). |
| 651 #4 - SUBJECT ADDED ENTRY--GEOGRAPHIC NAME | |
| Geographic name | London |
| 690 ## - LOCAL SUBJECT ADDED ENTRY--TOPICAL TERM (OCLC, RLIN) | |
| Topical term or geographic name as entry element | ENVIRONMENTAL AND LAND CONSULTANCY-GEOMATICS-MAPPING AND POSITIONING-CARTOGRAPHY |
| 700 1# - ADDED ENTRY--PERSONAL NAME | |
| Personal name | Ogilby, John |
| 700 1# - ADDED ENTRY--PERSONAL NAME | |
| Personal name | Morgan, William |
| 700 1# - ADDED ENTRY--PERSONAL NAME | |
| Personal name | Welch, Charles |
| 942 ## - ADDED ENTRY ELEMENTS (KOHA) | |
| Suppress in OPAC | 0 |
| Withdrawn status | Lost status | Source of classification or shelving scheme | Damaged status | Not for loan | Home library | Current library | Shelving location | Date acquired | Total Checkouts | Full call number | Barcode | Date last seen | Copy number | Price effective from | Koha item type |
|---|---|---|---|---|---|---|---|---|---|---|---|---|---|---|---|
| Dewey Decimal Classification | Historic collection | Historic collection | Historic collection | 20/09/2007 | MAP CABINET DRAWER 5 | 140384-2001 | 06/08/2019 | 1 | 06/08/2019 | Archive |